| 000 | 00640 a2200181 4500 | ||
|---|---|---|---|
| 020 | _a0898714974 | ||
| 020 | _a9780898714975 | ||
| 082 | _a515.43 | ||
| 090 |
_c1593 _d1593 |
||
| 100 | 1 | _aWong, R. | |
| 245 | 1 | 0 |
_aAsymptotic approximation of integrals / _cR. Wong. |
| 260 |
_a[S.l.] : _bSIAM: Society for Industrial and Applied Mathematics, _c2001. |
||
| 300 |
_a543 p. ; _c23 cm. |
||
| 490 | 1 | _aClassics in applied mathematics. | |
| 830 | 0 | _aClassics in applied mathematics. | |
| 942 |
_aSNS _cBK _k515.43 WON |
||
| 999 |
_c30203 _d30203 |
||